000 00874nam a22002297a 4500
001 0000004007
003 PPM
005 20251027123534.0
008 251027b ||||| |||| 00| 0 eng d
020 _a9679970132
_cRM 145.00
_qHardback
035 _a0000004007
040 _bMalay
_cPusat Penyelidikan Mineral, Jabatan Mineral Dan Geosains Malaysia
_erda
082 0 0 _221
_a363.1799
_bPER 2007
245 _aPerlindungan Sinaran /
_cdisunting oleh Abd Khalik Hj Wood, Idris Besar, Shafaai Hassan, Zaharudin Ahmad
260 1 _aBangi, Selangor :
_bInstitut Penyelidikan Teknologi Nuklear Malaysia (MINT),
_c2007
300 0 0 _axiii, 359 pages .:
_bsome colour, table, illustrations .;
_c25 cm
504 _aMengandungi bibliografi
650 1 0 _aRadiation
_xSafety measures
650 1 0 _aRadiation dosimetry
700 1 _aAbd Khalik Hj Wood
_eeditor
942 _2ddc
_cBK
999 _c26887
_d26887